000 01239cam a22002891a 4500
001 30728
003 BD-RjUL
005 20211209051616.0
008 140412s1953 ilu b 001 0 eng
035 _a(BD-RjUL)30815
040 _aDLC
_cFMU
_dNNHuC
_dBD-RjUL
_beng
041 _aeng
082 _a151.2222
_bPAW 1953
100 1 _aPatterson, C. H.
_q(Cecil Holden),
_d1912-2006.
_993391
245 1 4 _aThe Wechsler-Bellevue scales :
_ba guide for counselors /
_cby C.H. Patterson.
260 _aSpringfield, Ill. :
_bThomas,
_cc1953.
300 _aviii, 146 p. ;
_c23 cm.
500 _a"A detailed revision and expansion of material prepared in 1948 in mimeographed form by the Veterans Administration Regional Office, Minneapolis, Minnesota under the title: Using the Wechsler-Bellevue scales in counseling."--Pref.
500 _a"A monograph in the Bannerstone Division of American lectures in psychology."--P. [ii].
650 0 _aIntelligence tests.
_989537
650 0 _aWechsler Adult Intelligence Scale.
_993393
730 0 _aUsing the Wechsler-Bellevue scales in counseling.
_993396
942 _2ddc
_cBK
999 _c30728
_d30728